Listy nevěstě a ženě

Bibliographic Details
Main Author: Puškin, Aleksandr Sergejevič, 1799-1837 (Author)
Format: Book
Language:Undetermined
PhysicalDescription:153s.
Published: Praha Lidové nakl. 1968

MARC

LEADER 00000nam a2200000 a 4500
001 vtls001355718
003 SK-MaSNL
005 20260302071007.0
008 240314s1968 xx 0 und
035 |a SNK000309187 
040 |a SNK  |b slo  |c SNK  |e AACR2 
100 1 |a Puškin, Aleksandr Sergejevič,  |d 1799-1837  |4 aut  |9 16675 
245 1 0 |a Listy nevěstě a ženě 
260 |a Praha  |b Lidové nakl.  |c 1968 
300 |a 153s. 
958 |a OND 
999 |c 1150021  |d 1151951 
952 |t P60, <04>, [BOOK], {604}  |a SNK  |b SNK  |y VYP  |7 0  |p 17A0180251  |o snkID 48146 D1  |0 0  |1 1  |4 0  |d 1999-02-19  |l 0  |r 2005-01-02 00:00:00  |w 2026-02-24